000
00264nam a22001217a 4500
082
_a
494
_b
PRE/Y
100
_a
PREETHAM,AMRUTHA
245
_a
YEH KALAM YEH KAGAZ YEH AKSHAR
260
_a
DELHI
_b
RAJPAL
300
_a
159
650
_a
HINDI STORY
_z
DELHI
942
_c
BK
999
_c
4828
_d
4828